[Event "ROM-ch U08 Girls"]
[Site "Calimanesti"]
[Date "2015.04.06"]
[Round "9"]
[White "Popa, Cristina Maria"]
[Black "Enachescu, Teodora"]
[Result "0-1"]
[WhiteElo "1001"]
[BlackElo "1001"]
[PlyCount "50"]
[EventDate "2015.03.30"]
[EventType "swiss"]
[EventRounds "9"]
[EventCountry "ROU"]
[SourceTitle "CBM 165 Extra"]
[Source "ChessBase"]
[SourceDate "2015.04.21"]
[SourceVersion "1"]
[SourceVersionDate "2015.04.21"]
[SourceQuality "1"]

1. e4 e5 2. Bc4 Bc5 3. d3 Nf6 4. Nf3 Ng4 5. 0-0 Nxf2 6. Qe1 Ng4+ 7. Kh1 a6 8. Bg5 f6 9. Bh4 Ne3 10. Rf2 Nxc4 11. Nc3 Bxf2 12. Bxf2 Nxb2 13. Rb1 Nxd3 14. Qd1 Nb4 15. Rxb4 Nc6 16. Rb1 0-0 17. Rb5 h6 18. Ra5 Nxa5 19. Nd5 Nc4 20. Bh4 Ne3 21. Qe1 Nxc2 22. Nxf6+ Kh8 23. Ng5 Qxf6 24. Qd1 Qf4 25. Qxc2 Qf1# 0-1